000 00501nam a2200181Ia 4500
008 230917s9999||||xx |||||||||||||| ||und||
020 _cGBP35.99
040 _e233653
_aMAIN
041 _aEnglish
082 _a394.2 G335E(3)
100 _aGetz, Donald
245 0 _aEvent Studies: Theory, research and policy for planned events
250 _a3rd ed.
260 _aNew York
_bRoutledge
_c2016
300 _a506 p.
500 _a2345 29/07/2016 APD16/1037521 08/08/2016 Main Budget
942 _cBK
999 _c18809
_d18809